| 000 | 00362nam a2200145Ia 4500 | ||
|---|---|---|---|
| 005 | 20250406055153.0 | ||
| 008 | 240331s9999 xx 000 0 und d | ||
| 082 |
_bSEN _a894 |
||
| 100 | _aSengaiaaliyan,K | ||
| 245 | 0 | _aKanthavel koddam | |
| 260 |
_aJaffna _bKamalam Pathippagam _c1991 |
||
| 300 | _a141 p ., | ||
| 500 | _aA Historical Novel In Tamil | ||
| 942 | _cL | ||
| 999 |
_c4008 _d4008 |
||